000 00477nam a2200145 4500
999 _c15851
_d15851
008 201217b ||||| |||| 00| 0 eng d
022 _a0732-8435
082 _aDPer 657.05 C33 Sept - Mar 2015, v. 85 - 86
100 _aCarpenter, Gary.
_942692
245 _aGrandparents and 529 plans/
_cGary Carpenter.
260 _aNew York:
_bThe New York State Society of CPA,
_c©2015.
300 _av85 n9, 12 page;
_c28 cm.
650 _aFinancial
_xPlanning.
_942693
942 _2ddc
_cPER